El Cantar de los cantares /

El presente texto es la famosa traducción del Cantar de los cantares, hecha del hebreo por Fray Luis de León que, además de los versos, constituye un verdadero y profundo estudio sobre el poema bíblico, versículo por versículo. La traducción le supuso a Fray Luis cinco años de cárcel, acusado por la...

Fuld beskrivelse

Guardado en:
Bibliografiske detaljer
Hovedforfatter: León, Luis de (autor)
Format: Bog
Sprog:spansk
Udgivet: Buenos Aires, Argentina : Sopena, 1942, c1942
Serier:(Universo)
Fag:
Tags: Tilføj Tag
Ingen Tags, Vær først til at tagge denne postø!

MARC

LEADER 00000nam^a2200000^a^4500
001 000278578
005 20250526000000.0
008 080704 19421942
009 20260310111409.208
025 |a Donación sin dato, 1 ejemplar 
037 |a Acervo ITESO - Biblioteca 
041 |a ESP 
082 |a 223. 9  |b LEO 
100 |a León, Luis de,  |e (autor) 
240 1 1 |a [Cantar de los cantares] 
245 1 3 |a El Cantar de los cantares /  |c L. de León. 
264 4 |a Buenos Aires, Argentina :  |b Sopena,  |c 1942, c1942 
300 |a 158 p. ;  |c 26.5 cm. 
336 |a texto  |b txt  |2 rdacontenido 
337 |a sin mediación  |b n  |2 rdamedio 
338 |a volumen  |b nc  |2 rdasoporte 
440 1 |a (Universo) 
520 |a El presente texto es la famosa traducción del Cantar de los cantares, hecha del hebreo por Fray Luis de León que, además de los versos, constituye un verdadero y profundo estudio sobre el poema bíblico, versículo por versículo. La traducción le supuso a Fray Luis cinco años de cárcel, acusado por la Inquisición de contravenir la disposición del Concilio de Trento de no traducir textos sagrados a una lengua vulgar. 
649 |a XX 
650 |a Amor en la Literatura 
650 |a Biblia -  |x Antiguo Testamento -  |x Libros Poéticos y Sapienciales -  |x Cantar de los Cantares -  |x Tema Principal 
650 |a Biblia -  |x Antiguo Testamento -  |x Libros Poéticos y Sapienciales -  |x Cantar de los Cantares -  |x Historia y Crítica 
650 |a Biblia -  |x Antiguo Testamento -  |x Libros Poéticos y Sapienciales 
650 |a Biblia -  |x Historia y Crítica 
650 |a Libros Sagrados 
650 |a Poesía Pastoril 
650 |a Poesía Amorosa 
650 |a Poesía Religiosa 
650 |a Libros Sagrados 
650 |a Cristianismo 
650 |a Religión 
650 |a Literatura Judía 
650 |a Literatura Judía -  |x Historia y Crítica 
650 |a Literatura Religiosa 
650 |a Literatura Religiosa -  |x Historia y Crítica 
910 |a Fondo General 
920 |a Impresos - Libros 
930 |a Libros Antiguos y Raros 
905 |a 108 
901 |a 0500163980  |b IT2  |c LRA  |i D  |u 20250526 
902 |a https://opac.biblio.iteso.mx/vufind/Record/000278578